000
00232nam a2200097Ia 4500
001
687153
005
20250826161550.0
008
250824s9999 xx 000 0 und d
245
0
_a
KUŞLAR
_c
TARJEİ VESAAS
260
_b
TİMAŞ YAYINLARI
999
_c
687153
_d
687153